Commentary on the UNESCO 1970 Convention on illicit traffic. (Record no. 101295)

MARC details
000 -LEADER
fixed length control field 01022cam a2200241 4500
008 - FIXED-LENGTH DATA ELEMENTS--GENERAL INFORMATION
fixed length control field 000000n2000 000 0 eng u
020 ## - INTERNATIONAL STANDARD BOOK NUMBER
International Standard Book Number 0953169693
035 ## - SYSTEM CONTROL NUMBER
System control number (Sirsi) u111854
050 ## - LIBRARY OF CONGRESS CALL NUMBER
Classification number 745.1026
100 ## - MAIN ENTRY--PERSONAL NAME
Personal name O'Keefe, Patrick J.
245 ## - TITLE STATEMENT
Title Commentary on the UNESCO 1970 Convention on illicit traffic.
260 ## - PUBLICATION, DISTRIBUTION, ETC.
Place of publication, distribution, etc. Leicester
Name of publisher, distributor, etc. Institute of Art and Law
Date of publication, distribution, etc. 2000
300 ## - PHYSICAL DESCRIPTION
Extent 171p. ; 24cm.
350 ## - PRICE (NR) (BK AM CF MU VM SE) [OBSOLETE]
Price 25.00
520 ## - SUMMARY, ETC.
Summary, etc. An article by article analysis of the UNESCO Convention on Cultural Property together with an examination of its impact. Appendices contain other related documents, including the Unidroit Convention on Stolen or Illegally Exported Cultural Objects 1995.
650 ## - SUBJECT ADDED ENTRY--TOPICAL TERM
Topical term or geographic name entry element CULTURAL PROPERTY
650 ## - SUBJECT ADDED ENTRY--TOPICAL TERM
Topical term or geographic name entry element CULTURAL OBJECTS
650 ## - SUBJECT ADDED ENTRY--TOPICAL TERM
Topical term or geographic name entry element ILLEGAL EXPORTS
650 ## - SUBJECT ADDED ENTRY--TOPICAL TERM
Topical term or geographic name entry element EXPORTING
650 ## - SUBJECT ADDED ENTRY--TOPICAL TERM
Topical term or geographic name entry element CONVENTION ON THE MEANS OF PROHIBITING AND PREVENTION OF THE ILLICIT IMPORT, EXPORT AND TRANSFER OF OWNERSHIP OF CULTURAL PROPERTY 1970
690 ## - LOCAL SUBJECT ADDED ENTRY--TOPICAL TERM (OCLC, RLIN)
Topical term or geographic name as entry element Arts and antiques
9 (RLIN) 6217
942 ## - ADDED ENTRY ELEMENTS (KOHA)
Suppress in OPAC 0
Holdings
Withdrawn status Lost status Source of classification or shelving scheme Damaged status Not for loan Home library Current library Shelving location Date acquired Cost, normal purchase price Total Checkouts Full call number Barcode Date last seen Date last checked out Copy number Cost, replacement price Price effective from Koha item type
    Dewey Decimal Classification     London London Books 11/04/2001 25.00 3 745.1026 OKE 30063902 06/08/2019 27/04/2009 1 25.00 06/08/2019 Book